Προβολή του κάστρου της Μυτιλήνης : πτυχιακή εργασία

Αποθηκεύτηκε σε:
Λεπτομέρειες βιβλιογραφικής εγγραφής
Κύριος συγγραφέας: Λιάτσικας, Σπυρίδων
Συγγραφή απο Οργανισμό/Αρχή: Πανεπιστήμιο Αιγαίου. Σχολή Κοινωνικών Επιστημών. Τμήμα Πολιτισμικής Τεχνολογίας και Επικοινωνίας
Άλλοι συγγραφείς: Ζαχαρόπουλος, Ντένης (dgs [Επιβλέπων καθηγητής]), Παπαγεωργίου, Δημήτρης (dgs [Επιβλέπων καθηγητής])
Μορφή: Thesis Βιβλίο
Γλώσσα:Greek
Δημοσίευση: 2006.
Θέματα:
Ετικέτες: Προσθήκη ετικέτας
Δεν υπάρχουν, Καταχωρήστε ετικέτα πρώτοι!

MARC

LEADER 00000cam a2200000 i 4500
001 1/38784
008 061205s2006 gre d
035 |l 10086427 
040 |a GR-MY-UA  |b gre  |e aacr 
041 0 |a gre 
082 0 |a 791.43  |2 (22) 
100 1 |a Λιάτσικας, Σπυρίδων. 
245 1 0 |a Προβολή του κάστρου της Μυτιλήνης :   |b πτυχιακή εργασία /   |c επιμέλεια: Λιάτσικας Σπυρίδων ; επιβλέπων καθηγητής: Ζαχαρόπουλος Ντένης ; συνεπιβλέπων: Δ. Παπαγεωργίου.  
260 |c 2006.  
300 |a 95 σ. ;   |c 30 εκ.  
500 |a Πτυχιακή εργασία στα πλαίσια της κατεύθυνσης Μουσειολογίας του Τμήματος Πολιτισμικής Τεχνολογίας και Επικοινωνίας.  
502 |a Πτυχιακή εργασία - Πανεπιστήμιο Αιγαίου, Λέσβος, 2006.  
504 |a Περιλαμβάνει βιβλιογραφία.  
650 0 0 |a Documentary films  |x Production and direction. 
650 0 0 |a Documentary videos. 
650 0 0 |a Castles  |z Greece  |z Mytilene (Lesbos) 
650 0 |a Cultural property  |z Greece  |z Mytilene (Lesbos)  |x Interactive multimedia. 
650 0 0 |a Dissertations, Academic  |z Greece. 
700 1 |a Ζαχαρόπουλος, Ντένης,  |e dgs [Επιβλέπων καθηγητής] 
700 1 |a Παπαγεωργίου, Δημήτρης,  |e dgs [Επιβλέπων καθηγητής] 
710 2 |a Πανεπιστήμιο Αιγαίου.   |b Σχολή Κοινωνικών Επιστημών.   |b Τμήμα Πολιτισμικής Τεχνολογίας και Επικοινωνίας. 
852 |a INST  |b LESVOS  |c DIATR  |e 20061205  |h 157  |p 005100037447  |q 005100037447  |t DIE  |y 23 
852 |a INST  |b LESVOS  |c DIATR  |e 20061205  |h 158  |p 005100037446  |q 005100037446  |t DIE  |y 23 
901 |a BIBL1-2006-3 
909 |a Λ  |b 129989 
909 |a Λ  |b 129990 
924 |a ΛΙΑΤΣΙΚΑΣ  |b ΣΠΥΡΙΔΩΝ  |y ΛΕΣΒΟΣ  |z 2006-10 
970 |a ΤΖΑΦΕΡΗ  |b ΕΥΑΓΓΕΛΙΑ  |z 2006/12/05